000 02664nam a22003137a 4500
003 DO-SdBNP
005 20210914125807.0
008 210805b 2020 dr a b 00| 0 eng d
020 _a9789945613674
040 _aDO-SdBNP
_bspa
_cBPMSU
082 _a972.9304
_bM976r 2020
_222
100 1 _aMurgueitio Manrique, Carlos Alberto
_d
245 1 0 _a La revolución francesa en La Española :
_bSaint Domingue-Santo Domingo : (1789-1795) /
_cCarlos Alberto Murgueitio Manrique.
260 _aSanto Domingo :
_bArchivo General de la Nación,
_c2020.
300 _a742 p. :
_bil., mapas ;
_c23 cm.
490 0 _aArchivo General de la Nación,
_v400
500 _aIncluye referencias bibliográficas y notas al pie de las páginas
500 _aIncluye datos biográficos del autor en las solapas
504 _aBibliografía : p. 717-733
505 0 _aPrólogo, 11.-- Capítulo 1. Saint Domingue, la joya del Caribe, 53.-- Las luces en la agricultura, 68.-- Territorio y población, 79.-- Las defensas, 102.-- Los esclavos, 119.-- La sociéte dominguoise, 129.-- Conclusiones, 143.-- Capítulo 2. La Revolución Francesa en Saint Domingue, 147.-- Evangelios de libertad, 162.-- El vacío de poder, 179.-- La guerra civil, 197.-- Los precursores de la igualdad, 209.-- La caída de l`ancien régime, 233.-- Conclusiones, 242.-- Capítulo 3. Guerra en La Española, 247.-- La gran insurrección, 265.-- La reacción española, 290.-- Un nuevo San Bartolomé, 310.-- Francia intenta retomar el control, 325.-- Los negros del rey, 348.-- Conclusiones, 366.-- Capítulo 4. La revolución bajo asedio, 371.-- España queda neutra, 387.-- «La Vendée» Noire, 405.-- La gens de couleur o los ciudadanos del 4 de abril, 420.-- La individualidad de la república francesa, 440.-- La dictadura en los trópicos y la reconquista del Norte, 460.-- España rechaza la Convención Nacional, 485.-- Conclusiones, 505.-- Capítulo 5. España contra Francia, 509.-- España entra en guerra, 529.-- La emancipación general de los esclavos, 550.-- El juego de las lealtades, 581.-- La reconquista española, 607.-- Los últimos bastiones de la república, 628.-- La suerte de España se invierte, 650.-- Conclusiones, 672.-- Epílogo. La Española vuelta francesa, 677.-- Bibliografía, 717.-- Anexos, 735.
590 _aInventariado, 2021 /VM
650 _a
651 4 _aRepública Dominicana
_yGobierno colonial francés 1789-1795
_xHistoria
651 4 _aFrancia
_xHistoria
_yRevolución, 1789-1795
710 2 _aArchivo General de la Nación (República Dominicana)
830 _aArchivo General de la Nación ;
_n400
910 _aVMateo V.
942 _2ddc
_cBK
999 _c13729
_d13729